000 00272nam a2200097Ia 4500
008 220204s9999 xx 000 0 und d
082 _a631.4
_bSOI
245 0 _aSoil testing: Correlating and interpreting the analytical results.
260 _aMadison
_bASA
_c1977
942 _cBK
999 _c35438
_d35438